Στατική

Αποθηκεύτηκε σε:
Λεπτομέρειες βιβλιογραφικής εγγραφής
Κύριος συγγραφέας: Μαρκέτος, Ευάγγελος Γ.
Μορφή: Βιβλίο
Γλώσσα:Greek
Δημοσίευση: Αθήνα : Συμμετρία, 2001
Θέματα:
Ετικέτες: Προσθήκη ετικέτας
Δεν υπάρχουν, Καταχωρήστε ετικέτα πρώτοι!

MARC

LEADER 00000cam a2200000 i 4500
001 1/59835
008 020401s2001 gre d
035 |l 10000568 
040 |a GR-MY-UA  |b gre  |e aacr 
041 0 |a gre 
082 0 |a 620.1053 
100 1 |a Μαρκέτος, Ευάγγελος Γ. 
245 1 0 |a Στατική /  |c Ευάγγελος Γ. Μαρκέτος 
260 |a Αθήνα :   |b Συμμετρία,   |c 2001 
300 |a x, 393 σ. 
650 0 0 |a Statics. 
774 1 |t Τεχνική μηχανική 
852 |a INST  |b CHIOS  |e 20020401  |h 620.1053 ΜΑΡ  |p 005200019859  |q 005200019859  |t BK  |y 0  |z τ.1 
852 |a INST  |b CHIOS  |e 20090730  |h 620.1053 ΜΑΡ  |p 005200030055  |q 005200030055  |t BK  |y 0  |z τ.1 
852 |a INST  |b CHIOS  |e 20090730  |h 620.1053 ΜΑΡ  |p 005200030061  |q 005200030061  |t BK  |y 0  |z τ.1 
852 |a INST  |b CHIOS  |e 20090730  |h 620.1053 ΜΑΡ  |p 005200030063  |q 005200030063  |t BK  |y 0  |z τ.1 
852 |a INST  |b CHIOS  |e 20090730  |h 620.1053 ΜΑΡ  |p 005200030064  |q 005200030064  |t BK  |y 0  |z τ.1 
852 |a INST  |b CHIOS  |e 20020401  |h 620.1053 ΜΑΡ  |p 005200019859  |q 005200019859  |t BK  |v τ.1:  |y 0  |z τ.1 
852 |a INST  |b CHIOS  |e 20090730  |h 620.1053 ΜΑΡ  |p 005200030055  |q 005200030055  |t BK  |v τ.1:  |y 0  |z τ.1 
852 |a INST  |b CHIOS  |e 20090730  |h 620.1053 ΜΑΡ  |p 005200030061  |q 005200030061  |t BK  |v τ.1:  |y 0  |z τ.1 
852 |a INST  |b CHIOS  |e 20090730  |h 620.1053 ΜΑΡ  |p 005200030063  |q 005200030063  |t BK  |v τ.1:  |y 0  |z τ.1 
852 |a INST  |b CHIOS  |e 20090730  |h 620.1053 ΜΑΡ  |p 005200030064  |q 005200030064  |t BK  |v τ.1:  |y 0  |z τ.1 
853 |a INST  |b CHIOS  |h 620.1053 ΜΑΡ 
901 |a BIBL2-2002-1 
909 |a Χ  |b 099887 
909 |a Χ  |b 147605 
909 |a Χ  |b 147603 
909 |a Χ  |b 147602 
909 |a Χ  |b 147604 
970 |a ΣΠΕΝΤΖΑ  |b ΕΛΕΝΗ  |z 2002/04/01